| 000 | 01314nam a22001937a 4500 | ||
|---|---|---|---|
| 008 | 121105t xxu||||| |||| 00| 0 eng d | ||
| 020 | _a0079131409 | ||
| 050 | _aQA76.73.P75 | ||
| 100 | _aPonnambalam, K. | ||
| 245 |
_aA C++ primer for engineers: an object-oriented approach. / _cK. Ponnambalam and Tiuley Alguindigue |
||
| 260 |
_aU.S.A.: _bMcGraw Hill, _cc1997. |
||
| 300 |
_a293 p.: _bill _c23cm. |
||
| 500 | _aIncludes index. | ||
| 505 | _aContents: Problem solving using computers -- C++ programming basics -- Selection and repetitions -- Functions to aid modularity -- Arrays for grouping data of same type -- Structures to group data -- Encapulsating of data and functions in classes -- Inheritance to aid reusability -- Pointers to aid efficient implementation -- Miscellaneous topics in C++ -- Java for C++ programmers -- Appendix A: ASCII character set(character codes 0-127) -- Appendix B: C++ reserved words or keywords -- Appendix C: Some important header file and their uses -- Appendix D: Precedence and associativity of operators -- Appendix E: Software engineering -- Appendix F: Answers to selected review questions and exercises. | ||
| 650 | _bC++ (Computer program language) | ||
| 650 | _aObject-oriented programming (Computer science) | ||
| 700 | _aAlguindigue, Tiuly | ||
| 942 |
_2lcc _cBK |
||
| 999 |
_c2502 _d10002 |
||